International research handbook on successful women entrepreneurs / (Record no. 18132)
[ view plain ]
| 000 -LEADER | |
|---|---|
| fixed length control field | 00976cam a22002658a 4500 |
| 001 - CONTROL NUMBER | |
| control field | 015995667 |
| 003 - CONTROL NUMBER IDENTIFIER | |
| control field | OSt |
| 005 - DATE AND TIME OF LATEST TRANSACTION | |
| control field | 20140319154213.0 |
| 008 - FIXED-LENGTH DATA ELEMENTS--GENERAL INFORMATION | |
| fixed length control field | 111219t2010 xxkad frbf 001 0 eng d |
| 020 ## - INTERNATIONAL STANDARD BOOK NUMBER | |
| International Standard Book Number | 9780857931436 |
| 082 04 - DEWEY DECIMAL CLASSIFICATION NUMBER | |
| Classification number | 658.421082 |
| Edition number | 22 |
| Item number | INT |
| 245 00 - TITLE STATEMENT | |
| Title | International research handbook on successful women entrepreneurs / |
| Statement of responsibility, etc | edited by Sandra L. Fielden, Marilyn Davidson. |
| 260 ## - PUBLICATION, DISTRIBUTION, ETC. (IMPRINT) | |
| Place of publication, distribution, etc | Cheltenham, United Kingdom ; |
| -- | Northampton, United State : |
| Name of publisher, distributor, etc | Edward Elgar, |
| Date of publication, distribution, etc | c.2010 |
| Manufacturer | (MPG Books Group) |
| 300 ## - PHYSICAL DESCRIPTION | |
| Extent | xiv, 242 p. : |
| Other physical details | charts, tables ; |
| Dimensions | 25 cm. |
| 490 0# - Series Statement | |
| Series statement | Elgar original reference |
| 500 ## - GENERAL NOTE | |
| General note | Index : p. 231-242. |
| 504 ## - BIBLIOGRAPHY, ETC. NOTE | |
| Bibliography, etc | Includes bibliographical references. |
| 650 #0 - SUBJECT ADDED ENTRY--TOPICAL TERM | |
| Topical term or geographic name as entry element | Women-owned business enterprises |
| 9 (RLIN) | 35707 |
| 650 #0 - SUBJECT ADDED ENTRY--TOPICAL TERM | |
| Topical term or geographic name as entry element | Businesswomen |
| 9 (RLIN) | 35708 |
| 653 ## - INDEX TERM--UNCONTROLLED | |
| Resource For college | Engineering, General |
| Arrived date list | March2014 |
| 655 ## - INDEX TERM--GENRE/FORM | |
| Form subdivision | |
| -- | 34232 |
| 700 1# - ADDED ENTRY--PERSONAL NAME | |
| Personal name | Fielden, Sandra L. |
| Relator term | editor. |
| 9 (RLIN) | 35710 |
| 700 1# - ADDED ENTRY--PERSONAL NAME | |
| Personal name | Davidson, Marilyn. |
| Relator term | editor. |
| 9 (RLIN) | 35711 |
| 942 ## - ADDED ENTRY ELEMENTS (KOHA) | |
| Source of classification or shelving scheme | Dewey Decimal Classification |
| Call number prefix | 658.421082 INT |
| Withdrawn status | Item status | Source of classification or shelving scheme | Damaged status | Not for loan | Vendor | Home library | Current library | Shelving location | Date acquired | Source of acquisition | Cost, normal purchase price | Total Checkouts | Total Renewals | Full call number | Barcode | Date last seen | Date last borrowed | Cost, replacement price | Koha item type |
|---|---|---|---|---|---|---|---|---|---|---|---|---|---|---|---|---|---|---|---|
| Dewey Decimal Classification | Baccah | Central Library | Central Library | First floor | 19/03/2014 | 360.00 | 1 | 1 | 658.421082 INT | 000035767 | 15/07/2025 | 30/03/2016 | 450.00 | Book - Borrowing |